export_success — 

Monnaies cryptees et blockchain : la confiance est-elle un algorithme? /

Bibliographic Details
Main Author: Ordonneau, Pascal, (Author)
Format: eBook
Language:French
Published: Boucherville, Quebec ; Paris : Arnaud Franel Editions, [2018]
Subjects:
Online Access:Click to View
LEADER 01580nam a2200373 i 4500
001 EBC5606406
003 MiAaPQ
005 20200128114715.0
006 m o d |
007 cr cnu||||||||
008 200128s2018 quc o 000 0 fre d
020 |z 9782896035885 
020 |a 9782896036516  |q (electronic bk.) 
035 |a (MiAaPQ)EBC5606406 
035 |a (Au-PeEL)EBL5606406 
035 |a (OCoLC)1078565843 
040 |a MiAaPQ  |b eng  |e rda  |e pn  |c MiAaPQ  |d MiAaPQ 
050 4 |a QA76.9.B56  |b .O736 2018 
082 0 |a 005.824  |2 23 
100 1 |a Ordonneau, Pascal,  |e author. 
245 1 0 |a Monnaies cryptees et blockchain :  |b la confiance est-elle un algorithme? /  |c Pascal Ordonneau. 
264 1 |a Boucherville, Quebec ;  |a Paris :  |b Arnaud Franel Editions,  |c [2018] 
264 4 |c 2018 
300 |a 1 online resource (172 pages) 
336 |a text  |b txt  |2 rdacontent 
337 |a computer  |b c  |2 rdamedia 
338 |a online resource  |b cr  |2 rdacarrier 
588 |a Description based on print version record. 
590 |a Electronic reproduction. Ann Arbor, MI : ProQuest, 2018. Available via World Wide Web. Access may be limited to ProQuest affiliated libraries. 
650 0 |a Blockchains (Databases) 
655 4 |a Electronic books. 
776 0 8 |i Print version:  |a Ordonneau, Pascal.  |t Monnaies cryptees et blockchain : la confiance est-elle un algorithme?  |d Boucherville, Quebec ; Paris : Arnaud Franel Editions, c2018   |h 172 pages   |z 9782896035885 
797 2 |a ProQuest (Firm) 
856 4 0 |u https://ebookcentral.proquest.com/lib/matrademy/detail.action?docID=5606406  |z Click to View